| 000 | 01944nam a2200397 i 4500 | ||
|---|---|---|---|
| 001 | 193568 | ||
| 003 | SpMaBN | ||
| 005 | 20260316135433.0 | ||
| 007 | ta | ||
| 008 | 210217s2019 sp a | ||||o000 0dspa | ||
| 017 |
_aCA 423-2019 _bOficina Depósito Legal Cádiz |
||
| 020 | _a9788409149506 | ||
| 040 |
_aSpMaBN _bspa _cSpMaBN _erda |
||
| 080 | _a75 González-Glez., Luis Gonzalo (083.824) | ||
| 100 | 1 |
_aGonzález-Glez., Luis Gonzalo, _d1947-2022 _4aut _eaut _9234870 |
|
| 245 | 1 | 0 |
_aRetrato..., un ayer desde hoy : _bLuis Gonzalo, 1971-2019 |
| 264 | 1 |
_a[Cádiz] : _bUniversidad de Cádiz ; _a[Jerez de la Frontera] : _bAyuntamiento de Jerez, _c[2019] |
|
| 300 |
_a128 páginas : _bilustraciones (color), _c25 x 30 cm |
||
| 336 |
_aTexto _aImagen fija _2rdacontent |
||
| 337 |
_asin mediación _2rdamedia |
||
| 338 |
_avolumen _2rdacarrier |
||
| 500 | _aVersión digital disponible en: https://extension.uca.es/wp-content/uploads/2022/07/Luis-Gonzalo.pdf | ||
| 530 | _aVersión digital disponible en: https://extension.uca.es/wp-content/uploads/2022/07/Luis-Gonzalo.pdf | ||
| 585 | _aExposición: Sala Pescadería Vieja de Jerez, del 25 de octubre al 24 de noviembre de 2019 | ||
| 600 | 1 | 0 |
_aGonzález-Glez., Luis Gonzalo, _d1947-2022- _vExposiciones _2embne _9234871 |
| 655 | 7 |
_aCatálogos de exposiciones _2tgfbne _9193628 |
|
| 710 | 2 |
_aUniversidad de Cádiz _9171718 |
|
| 710 | 1 |
_aJerez de la Frontera. _bAyuntamiento _95345 |
|
| 852 |
_aES-MaACL _bR. 154924 _cDEPOJ _jN-9578 _hDonación: Editorial _xEncuadernación cartoné _9201031 |
||
| 856 | 4 |
_3Versión digital _yhttps://extension.uca.es/wp-content/uploads/2022/07/Luis-Gonzalo.pdf |
|
| 942 |
_n0 _cMONOGRAFIA |
||
| 999 |
_c193568 _d193568 |
||